Customer Equity Management (Record no. 5821)
[ view plain ]
| 000 -LEADER | |
|---|---|
| fixed length control field | 01401cam a22002174a 4500 |
| 005 - ΗΜΕΡΟΜΗΝΙΑ ΚΑΙ ΩΡΑ ΤΕΛΕΥΤΑΙΑΣ ΕΝΗΜΕΡΩΣΗΣ | |
| Πεδίο ελέγχου | 20250605164223.0 |
| 008 - FIXED-LENGTH DATA ELEMENTS--GENERAL INFORMATION | |
| Πεδίο ελέγχου σταθερού μήκους | 250528s ||||||||||||||||||||||||d |
| 035 ## - SYSTEM CONTROL NUMBER | |
| System control number | 20737 |
| 020 ## - ISBN | |
| ISBN | 131419293 |
| 040 ## - ΠΗΓΗ ΚΑΤΑΛΟΓΟΓΡΑΦΗΣΗΣ | |
| Φορέας πρωτότυπης καταλογογράφησης | MC Athens Campus Library |
| Γλώσσα καταλογογράφησης | Ελληνικά, Μοντέρνα (1453-) |
| Modifying agency | MC Athens Campus Library |
| Κανόνες περιγραφικής καταλογογράφησης | AACR2 |
| 245 1# - ΤΙΤΛΟΣ ΚΑΙ ΔΗΛΩΣΗ ΥΠΕΥΘΥΝΟΤΗΤΑΣ | |
| Τίτλος | Customer Equity Management |
| 260 ## - PUBLICATION, DISTRIBUTION, ETC. | |
| Name of publisher, distributor, etc. | Pearson - Prentice Hall, |
| Date of publication, distribution, etc. | 2004 |
| 300 ## - PHYSICAL DESCRIPTION | |
| Extent | 554 |
| 520 ## - SUMMARY, ETC. | |
| Summary, etc. | Practical - Framework - Applied - Cases - Award and Winning Research. Preface, Tools for Understanding and Analyzing Customer Equity, Introduction to Customer Equity Management Strategy, The Customer Equity Approach and the Customer Management Plan, Customer Equity Analysis, Measuring Customer Equity, Developing Strategies for Customer Equity Management, Customer Selection, Building and Managing Brand Equity, Building and Managing Value Equity, Managing Relationship Equity, Managing Customer Relationships Using Multiple Touch Points in Multi - Channel Settings, Measuring and Monitoring and Evaluating Customer Equity Management Strategy, Strategic Implementation: Investing for Maximum Impact, Managing Customer Profitability in Industrial Markets, The Role of CRM Technologies in Customer Management, How Customer Management is Changing Marketing, Index. |
| 700 1# - ΠΡΟΣΘΕΤΗ ΑΝΑΓΡΑΦΗ--ΦΥΣΙΚΟ ΠΡΟΣΩΠΟ | |
| Personal name | Lemon Katherine N |
| 9 (RLIN) | 6702 |
| 700 1# - ΠΡΟΣΘΕΤΗ ΑΝΑΓΡΑΦΗ--ΦΥΣΙΚΟ ΠΡΟΣΩΠΟ | |
| Personal name | Narayandas Das |
| 9 (RLIN) | 6703 |
| 700 1# - ΠΡΟΣΘΕΤΗ ΑΝΑΓΡΑΦΗ--ΦΥΣΙΚΟ ΠΡΟΣΩΠΟ | |
| Personal name | Rust Roland T |
| 9 (RLIN) | 6704 |
| 942 ## - ADDED ENTRY ELEMENTS (KOHA) | |
| Koha item type | Books |
| Τύπος τεκμηρίου | Βιβλιοθήκη | Τρέχουσα τοποθεσία | Barcode | Αριθμός εισαγωγής | Ημερομηνία απόκτησης | Ταξιθετικό σύμβολο | Αριθμός αντιτύπου | Κατάσταση απόσυρσης | Κατάσταση χαμένου | Κατάσταση κατεστραμμένου | Μη δανεισμός | Σύνολο δανεισμών | Ημερομηνία τελευταίας εμφάνισης | Η τιμή ισχύει από |
|---|---|---|---|---|---|---|---|---|---|---|---|---|---|---|
| Books | MC Athens Campus Library | MC Athens Campus Library | 9780000058201 | 7394 | 05/06/2025 | 658.8/12 RUS | 1 | 05/06/2025 | 05/06/2025 |